| 000 | 00305nam a22001097a 4500 | ||
|---|---|---|---|
| 040 | _cLuna Plena Publication | ||
| 082 | _a297.2 F252 F | ||
| 100 |
_aLouay Fatoohi _9130123 |
||
| 245 |
_aJesus The Muslim Prophet _bHistory Speaks of a Human Messiah Not a Divine Christ |
||
| 300 | _a119p. | ||
| 942 |
_2ddc _cBK |
||
| 999 |
_c614465 _d614465 |
||